Một số vấn đề về sinh lý cá và giáp xác

Nội dung sách giới thiệu một số đặc điểm về đời sống cá và giáp xác, sinh lý cá và giáp xác, sinh lý hô hấp và giáp xác, sinh lý tiêu hóa cá và giáp xác. Điều hòa áp suất thẩm thấu của cá và giáp xác, lột xác ở giáp xác....

Ful tanımlama

Kaydedildi:
Detaylı Bibliyografya
Yazar: Đỗ, Thị Thanh Hương
Materyal Türü: Kitap
Dil:Undetermined
Baskı/Yayın Bilgisi: TP. Hồ Chí Minh Nông nghiệp 2010
Konular:
Etiketler: Etiketle
Etiket eklenmemiş, İlk siz ekleyin!
Thư viện lưu trữ: Trung tâm Học liệu Trường Đại học Cần Thơ
LEADER 01157nam a2200217Ia 4500
001 CTU_230176
008 210402s9999 xx 000 0 und d
082 |a 639.31 
082 |b H561 
100 |a Đỗ, Thị Thanh Hương 
245 0 |a Một số vấn đề về sinh lý cá và giáp xác 
245 0 |c Đỗ Thị Thanh Hương, Nguyễn Văn Tư 
260 |a TP. Hồ Chí Minh 
260 |b Nông nghiệp 
260 |c 2010 
520 |a Nội dung sách giới thiệu một số đặc điểm về đời sống cá và giáp xác, sinh lý cá và giáp xác, sinh lý hô hấp và giáp xác, sinh lý tiêu hóa cá và giáp xác. Điều hòa áp suất thẩm thấu của cá và giáp xác, lột xác ở giáp xác. 
526 |a Sinh lý Động vật Thủy sản hô hấp khí trời,Chuyên đề tổng hợp kiến thức cơ sở 
526 |b TS915,TSN607 
650 |a Nuôi trồng thủy sản,Aquaculture 
910 |b dqhieu 
980 |a Trung tâm Học liệu Trường Đại học Cần Thơ